Business Statistics (Record no. 11524)

MARC details
000 -LEADER
fixed length control field 00424nam a22001817a 4500
003 - CONTROL NUMBER IDENTIFIER
control field OSt
008 - FIXED-LENGTH DATA ELEMENTS--GENERAL INFORMATION
fixed length control field 220910b ||||| |||| 00| 0 eng d
020 ## - INTERNATIONAL STANDARD BOOK NUMBER
International Standard Book Number 9789351611066
082 ## - DEWEY DECIMAL CLASSIFICATION NUMBER
Classification number 658.083 GUS
100 ## - MAIN ENTRY--PERSONAL NAME
Personal name GUPTA, S.P.
245 ## - TITLE STATEMENT
Title Business Statistics
250 ## - EDITION STATEMENT
Edition statement 19th ed.
260 ## - PUBLICATION, DISTRIBUTION, ETC. (IMPRINT)
Place of publication, distribution, etc New Delhi
Name of publisher, distributor, etc Sultan Chand & Sons
Date of publication, distribution, etc 2022
300 ## - PHYSICAL DESCRIPTION
Extent 798 p.
650 ## - SUBJECT ADDED ENTRY--TOPICAL TERM
Topical term or geographic name as entry element B.Com
700 ## - ADDED ENTRY--PERSONAL NAME
Personal name GUPTA, M.P.
942 ## - ADDED ENTRY ELEMENTS (KOHA)
Source of classification or shelving scheme Dewey Decimal Classification
Koha item type Text Books
942 ## - ADDED ENTRY ELEMENTS (KOHA)
-- 5
Holdings
Withdrawn status Lost status Source of classification or shelving scheme Damaged status Not for loan Collection code Home library Current library Date acquired Source of acquisition Currency Cost, normal purchase price Bill Number Total Checkouts Full call number Acc. no. / Barcode Date last seen Date last borrowed Actual Cost, discounted price Bill Date Koha item type
    Dewey Decimal Classification     B.Com PIET NCR College Library PIET NCR College Library 05/09/2022 Kirti Prakashan IN Rupees 500.00 IN930 1 658.083 GUS N2948 11/12/2023 08/12/2023 400.00 05/09/2022 Text Books
    Dewey Decimal Classification     B.Com PIET NCR College Library PIET NCR College Library 05/09/2022 Kirti Prakashan IN Rupees 500.00 IN930 3 658.083 GUS N2949 03/12/2025 19/11/2025 400.00 05/09/2022 Text Books
    Dewey Decimal Classification     B.Com PIET NCR College Library PIET NCR College Library 05/09/2022 Kirti Prakashan IN Rupees 500.00 IN930 1 658.083 GUS N2950 18/10/2023 04/10/2023 400.00 05/09/2022 Text Books
    Dewey Decimal Classification     B.Com PIET NCR College Library PIET NCR College Library 05/09/2022 Kirti Prakashan IN Rupees 500.00 IN930 1 658.083 GUS N2951 24/11/2025 19/11/2025 400.00 05/09/2022 Text Books
    Dewey Decimal Classification     B.Com PIET NCR College Library PIET NCR College Library 05/09/2022 Kirti Prakashan IN Rupees 500.00 IN930 1 658.083 GUS N2952 05/01/2023 19/12/2022 400.00 05/09/2022 Text Books
    Dewey Decimal Classification     B.Com PIET NCR College Library PIET NCR College Library 05/09/2022 Kirti Prakashan IN Rupees 500.00 IN930   658.083 GUS N2953 10/09/2022   400.00 05/09/2022 Text Books
    Dewey Decimal Classification     B.Com PIET NCR College Library PIET NCR College Library 05/09/2022 Kirti Prakashan IN Rupees 500.00 IN930 3 658.083 GUS N2954 09/03/2026 25/02/2026 400.00 05/09/2022 Text Books
    Dewey Decimal Classification     B.Com PIET NCR College Library PIET NCR College Library 05/09/2022 Kirti Prakashan IN Rupees 500.00 IN930 2 658.083 GUS N2955 18/01/2025 07/11/2024 400.00 05/09/2022 Text Books
    Dewey Decimal Classification     B.Com PIET NCR College Library PIET NCR College Library 05/09/2022 Kirti Prakashan IN Rupees 500.00 IN930 2 658.083 GUS N2956 08/11/2023 30/10/2023 400.00 05/09/2022 Text Books
    Dewey Decimal Classification     B.Com PIET NCR College Library PIET NCR College Library 05/09/2022 Kirti Prakashan IN Rupees 500.00 IN930 1 658.083 GUS N2957 26/12/2022 05/12/2022 400.00 05/09/2022 Text Books

Design & Developed by: PIET Central Library
R70 Miles Stone Pattikalyana Samalkha Panipat 132102
mail ID :- [email protected], Phone No:- 0180-2569700 Ex.216